000 006450000a22001810004500
090 _aAR
_b00654
245 1 0 _aRelation among growth strategies, allocation pattern, productivity and successional status of trees of a subtropical forest community
650 1 4 _aBosques húmedos subtropicales
_993773
650 1 4 _aEspecies forestales sucesionales
_993774
650 1 4 _aFenología
_992807
650 1 4 _aCambios vegetacionales
_993762
651 4 _pIndia
_992749
041 0 _aInglés
700 1 _aShukla, R. P.
_993775
100 1 _aRamakrishnan, P. S.
_993763
942 _cARTICULO
773 1 _tImprovement of Forestal Biomas
_3253
_q403-414
_d1981?
999 _c9746
_d9746